| 000 | 00687nam a22002537a 4500 | ||
|---|---|---|---|
| 003 | CHAP | ||
| 005 | 20220329134548.0 | ||
| 008 | 971013s1971 r 00010 d | ||
| 010 | _a22234 | ||
| 011 | _a23206 | ||
| 035 | _a27301 | ||
| 040 | _cCHAP | ||
| 082 |
_a370 _bD8 |
||
| 100 | 0 | 0 |
_aDubin S., S. _934320 |
| 245 | _aProfessional obsolescence | ||
| 260 |
_aLondon : _bEnglish University, _c1971 |
||
| 300 |
_a121 p. _b: gráfs. |
||
| 590 |
_aBATCH-UPD _b10 _c20130110 _lUCH01 _h2128 |
||
| 590 |
_aCONVERSION _b10 _c20130109 _lUCH01 _h1313 |
||
| 650 | 1 | 4 |
_aProfesiones. _992237 |
| 901 | _aBK | ||
| 942 | _cLIBRO | ||
| 949 |
_a370 D8 _bBC _cLIBRO _d33724000376448 _eLIBRO _h60929 _i27301 _si |
||
| 999 |
_c22234 _d22234 |
||